LEADER 02917oam 22005654a 450 001 9910791438203321 005 20230721012350.0 010 $a1-282-90155-9 010 $a9786612901553 010 $a2-86978-419-8 010 $a2-86978-375-2 010 $a2-86978-292-6 035 $a(CKB)2560000000051537 035 $a(EBL)1135165 035 $a(OCoLC)741350895 035 $a(SSID)ssj0000442123 035 $a(PQKBManifestationID)11296775 035 $a(PQKBTitleCode)TC0000442123 035 $a(PQKBWorkID)10445435 035 $a(PQKB)10418271 035 $a(MdBmJHUP)muse22006 035 $a(MiAaPQ)EBC1135165 035 $a(EXLCZ)992560000000051537 100 $a20070910d2007 uy 0 101 0 $aeng 181 $ctxt 182 $cc 183 $acr 200 00$aScholars in the Marketplace. The Dilemmas of Neo-Liberal Reform at Makerere University, 1989-2005$eThe Dilemmas of Neo-Liberal Reform at Makerere University, 1989-2005 /$fMahmood Mamdani 210 1$aDakar, Senegal :$cCODESRIA, Council for the Development of Social Science Research in Africa,$d2007 210 3$aBaltimore, Md. :$cProject MUSE,$d2013 210 4$dİ2007 215 $a1 online resource (314 p.) 300 $aDescription based upon print version of record. 311 $a2-86978-201-2 320 $aIncludes bibliographical references (p. 270-289) and index. 327 $aFront Cover; Title Page; Copyright Page; Table of Contents; List of Tables; Preface and Acknowledgements; Chapter One - The reform Process: The First Phase; Chapter Two - Winners and Losers; Chapter Three - Commercialisation; Chapter Four - Decentralisation; Conclusion - Higher Education and the Public University in an Independent Africa; Bibliography; Index; Back Cover 330 $aScholars in the Marketplace is a case study of market-based reforms at Uganda's Makerere University. With the World Bank heralding neoliberal reform at Makerere as the model for the transformation of higher education in Africa, it has implications for the whole continent. At the global level, the Makerere case exemplifies the fate of public universities in a market-oriented and capital friendly era. The Makerere reform began in the 1990's and was based on the premise that higher education is more of a private than a public good. Instead of pitting the public against the private, and the state... 606 $aPrivatization in education$zUganda 606 $aEducation, Higher$xEconomic aspects$zUganda 615 0$aPrivatization in education 615 0$aEducation, Higher$xEconomic aspects 676 $a378.6761 700 $aMamdani$b Mahmood$f1946-$0243990 801 0$bMdBmJHUP 801 1$bMdBmJHUP 906 $aBOOK 912 $a9910791438203321 996 $aScholars in the Marketplace. The Dilemmas of Neo-Liberal Reform at Makerere University, 1989-2005$93744854 997 $aUNINA LEADER 02402oam 2200553z 450 001 9910961740003321 005 20251117113243.0 010 $a9780522866186 010 $a0522866182 035 $a(CKB)4100000007758684 035 $a(MiAaPQ)EBC5683176 035 $a(MiAaPQ)EBC31894732 035 $a(Au-PeEL)EBL31894732 035 $a(OCoLC)1496393797 035 $a(Perlego)1881188 035 $a(EXLCZ)994100000007758684 100 $a20190317d2014 uy 0 101 0 $aeng 135 $aurcnu|||||||| 181 $ctxt$2rdacontent 182 $cc$2rdamedia 183 $acr$2rdacarrier 200 14$aThe fights of my life /$fGreg Combet with Mark Davis 205 $a1st ed. 210 1$aCarlton, Vic.:$cMelbourne University Press Digital,$d2014. 215 $a1 online resource 300 $aIncludes index. 311 0 $a9780522866179 311 0 $a0522866174 327 $aCover; Title; Copyright; Contents; Acknowledgements; 1 The end; 2 The beginning; 3 Union life; 4 Here to stay; 5 A hard landing; 6 The asbestos fight; 7 Victory; 8 Coming to power; 9 A turbulent climate; 10 Renewal; Notes; Index; Pic Section 330 $aGreg Combet has been central to some of the biggest public struggles of our time - on the waterfront, the collapse of an airline, compensation for asbestos victims, the campaign against unfair workplace laws and then climate change. From an idyllic childhood on the Minchinbury estate in the western suburbs of Sydney, Combet's world changed dramatically with the early death of his wine-maker father. The shy child was uprooted to the suburbs and an uncertain future. A scholarship allowed him to study engineering and saw him appreciate first hand the role of unions in the workplace. 606 $aPoliticians$zAustralia$vBiography 606 $aLabor unions$xOfficials and employees$vBiography 606 $aPolitics, Practical$zAustralia 607 $aAustralia$xPolitics and government$y21st century 615 0$aPoliticians 615 0$aLabor unions$xOfficials and employees 615 0$aPolitics, Practical 676 $a994.07092 676 $aB 700 $aCombet$b Greg$01786601 702 $aDavis$b Mark$c(Journalist) 801 0$bMiAaPQ 801 1$bMiAaPQ 801 2$bMiAaPQ 906 $aBOOK 912 $a9910961740003321 996 $aThe fights of my life$94318470 997 $aUNINA LEADER 00900nam 2200289 450 001 996714208803316 005 20260312115436.0 010 $a978-88-06-18859-7 100 $a20260312d2008----km y0itay5003 ba 101 0 $aita 102 $aIT 105 $ay 00 y 200 1 $aCowboy democratici$echi sono e in cosa credono i liberal che vogliono conquistare la Casa Bianca e cambiare il mondo$fMaurizio Molinari 210 $aTorino$cEinaudi$d2008 215 $aXX, 169 p.$d21 cm 225 2 $a<> struzzi$v635 410 0$12001$a<> struzzi$v635 606 0 $aPartiti$yStati Uniti d'America$z2000-2007$2BNCF 676 $a324.2736 700 1$aMOLINARI,$bMaurizio$0140149 801 0$aIT$bcba$gREICAT 912 $a996714208803316 951 $aXVI.8. 169$b94843 G.$cXVI.8.$d372763 959 $aBK 969 $aFAVAG 996 $aCowboy democratici$94548929 997 $aUNISA